00350nam a2200121Ia 4500008004000000020001800040082001500058100003400073245005500107260003600162300001400198650001600212210210b2005 xxu||||| |||| 00| 0 eng d a81 86771 87 5 a305.4 REDW aREDDY (V Narayan) and others. aWomen in development: challenges and achievements. aN DbSerials Publicationsc2005 axviii,345 aWomen Woman